45 rokov vzdelávania maďarských pedagógov v Nitre

Bibliographic Details
Format: Book
Language:Slovak
Published: Nitra Univerzita Konštantína Filozofa 2005
Edition:1. vyd.
Subjects:

MARC

LEADER 00000nam a22000005a 4500
001 vtls008627049
003 SK-MaSNL
005 20260301075939.0
008 180531s2006 xo o g |00 0dslo
015 |a SNBA2007/10-05095 
020 |a 8080508895  |q (brož.) 
035 |a 75868D16-FDA4-4107-9FDA-ABA8AC784042 
035 |a urn:nbn:sk:snk-aml2dy 
035 |a urn:nbn:sk:snk-am008max 
040 |a SNK  |b slo  |c SNK  |e AACR2 
041 0 |a slo 
043 |a e-xo--- 
044 |a xo  |c SK 
072 7 |a 37  |x Výchova a vzdelávanie  |2 konspekt 
072 7 |a 378  |x Vysoké školy  |2 konspekt 
080 |a 37.0  |2 2001 
080 |a 37.011.3-051  |2 2001 
080 |a (=511.141)  |2 2001 
080 |a 323.15  |2 2001 
080 |a (082.2)  |2 2001 
080 |a 378.4  |2 2001 
245 0 0 |a 45 rokov vzdelávania maďarských pedagógov v Nitre 
246 3 |a Štyridsať päť rokov vzdelávania maďarských pedagógov v Nitre 
250 |a 1. vyd. 
260 |a Nitra  |b Univerzita Konštantína Filozofa  |c 2005 
300 |a 104 s.  |c 21 cm 
500 |a Obsahuje spomienky, dokumenty , štúdie 
610 2 7 |a Univerzita Konštantína Filozofa v Nitre  |2 SNKKA  |9 123721 
650 0 7 |a univerzity  |2 SNKPH  |9 22152 
650 0 7 |a vzdelávanie  |2 SNKPH 
650 0 7 |a pedagógovia  |2 SNKPH  |9 18561 
650 0 7 |a Maďari  |2 SNKPH  |9 18097 
650 0 7 |a národnostné menšiny  |2 SNKPH  |9 2669 
655 7 |a jubilejné publikácie  |2 SNKPH  |9 70339 
919 |a 80-8050-889-5 
958 |a OND 
999 |c 651721  |d 653651 
952 |a SNK  |b SNK  |y PREZ  |7 0  |p 17A0499292  |o snkSC 122903  |i snk2006/4434  |8 0  |0 0  |1 0  |4 0  |d 2006-03-01  |f 1  |l 0  |r 2025-06-04 00:00:00  |w 2026-02-23 
952 |a SNK  |b SNK  |y VYP  |7 0  |p 17A0499291  |o snkSC 122903 D1  |i snk2006/4435  |8 0  |0 0  |1 0  |4 0  |d 2006-03-01  |l 0  |r 2026-02-23 18:24:36  |w 2026-02-23